Modern compressible flow : (Record no. 70753)

MARC details
000 -LEADER
fixed length control field 01610nam a22003497a 4500
005 - DATE AND TIME OF LATEST TRANSACTION
control field 2012101000580.0
008 - FIXED-LENGTH DATA ELEMENTS--GENERAL INFORMATION
fixed length control field 121010t xxu||||| |||| 00| 0 eng d
010 ## - LCCN (DPL NO)
LC control number ENG-106056
020 ## - INTERNATIONAL STANDARD BOOK NUMBER
International Standard Book Number 9781259027420
Terms of availability 750.00
020 ## - INTERNATIONAL STANDARD BOOK NUMBER
International Standard Book Number 1259027422
Terms of availability 750.00
035 ## - SYSTEM CONTROL NUMBER
System control number EN-89589
037 ## - SOURCE OF ACQUISITION
Source of stock number/acquisition DBAD/PUB
040 ## - CATALOGING SOURCE
Original cataloging agency DPL
Language of cataloging Eng
050 00 - LIBRARY OF CONGRESS CALL NUMBER
DPL Classification number QA911
082 00 - DEWEY DECIMAL CLASSIFICATION NUMBER
Classification number 629.132323
Edition number 21
100 1# - MAIN ENTRY--PERSONAL NAME
Personal name Anderson, John David
9 (RLIN) 53003
245 10 - TITLE STATEMENT
Title Modern compressible flow :
Remainder of title with historical perspective /
Statement of responsibility, etc by John D. Anderson, Jr.
250 ## - EDITION STATEMENT
Edition statement 3rd ed
260 ## - PUBLICATION, DISTRIBUTION, ETC. (IMPRINT)
Place of publication, distribution, etc New Delhi
Name of publisher, distributor, etc Tata McGraw-Hill
Date of publication, distribution, etc 2012
270 ## - ADDRESS
Address 7 West Patel Nagar
City New Delhi
Postal code 110008
300 ## - PHYSICAL DESCRIPTION
Extent xvi,760p. :
Other physical details ill.
Dimensions 25cm(pbk)
490 ## - SERIES STATEMENT
Series statement McGraw-Hill series in aeronautical and aerospace engineering
-- 53006
500 ## - GENERAL NOTE
General note Includes bibliographical references (p. 745-750) and index.
650 #0 - SUBJECT ADDED ENTRY--TOPICAL TERM
Topical term or geographic name as entry element Fluid dynamics.
9 (RLIN) 53004
650 #0 - SUBJECT ADDED ENTRY--TOPICAL TERM
Topical term or geographic name as entry element Gas dynamics.
9 (RLIN) 53005
856 42 - ELECTRONIC LOCATION AND ACCESS
Materials specified Publisher description
Uniform Resource Identifier <a href="http://www.loc.gov/catdir/description/mh024/2002067852.html">http://www.loc.gov/catdir/description/mh024/2002067852.html</a>
856 41 - ELECTRONIC LOCATION AND ACCESS
Materials specified Table of contents
Uniform Resource Identifier <a href="http://www.loc.gov/catdir/toc/mh023/2002067852.html">http://www.loc.gov/catdir/toc/mh023/2002067852.html</a>
856 42 - ELECTRONIC LOCATION AND ACCESS
Materials specified Contributor biographical information
Uniform Resource Identifier <a href="http://www.loc.gov/catdir/enhancements/fy0737/2002067852-b.html">http://www.loc.gov/catdir/enhancements/fy0737/2002067852-b.html</a>
942 ## - ADDED ENTRY ELEMENTS (KOHA)
Source of classification or shelving scheme Dewey Decimal Classification
Item type English Books
Classification part 629.132323
Call number suffix AND
Holdings
Withdrawn status Lost status Source of classification or shelving scheme Damaged status Not for loan Collection code Home library Current library Date acquired Source of acquisition Cost, normal purchase price Total Checkouts Full call number Barcode Date last seen Copy number Cost, replacement price Koha item type
    Dewey Decimal Classification   Not For Loan Non-fiction D.B.Act.Division D.B.Act.Division 10/10/2012 DBAD/PUB 750.00   629.132323 AND EN-89589 10/10/2012 1 750.00 English Books

© Delhi Public Library
Hit Counter
free hit counter